| 000 | 00529nam a2200217Ia 4500 | ||
|---|---|---|---|
| 008 | 210210b2008 xxu||||| |||| 00| 0 eng d | ||
| 020 | _a8184120788 | ||
| 041 | _aeng | ||
| 082 | _a510 DAST | ||
| 100 | _aDAS (Nanda Ram) | ||
| 245 | _aTextbook of degree mathematics: book two | ||
| 260 |
_aNew Delhi _bAsian Books Pvt Ltd. _c2008 |
||
| 300 | _axii,599 | ||
| 650 | _aTextbook | ||
| 650 | _aof | ||
| 650 | _amathematics | ||
| 650 | _adegree | ||
| 690 | _aMathematics | ||
| 700 | _aRAJKHOWA (Pranjal) | ||
| 906 | _a066847 | ||
| 999 |
_c149300 _d149300 |
||